| 000 | 00478nam a2200145 i 4500 | ||
|---|---|---|---|
| 001 | 133582 | ||
| 003 | ES-MaACL | ||
| 007 | t| | ||
| 008 | 070821s1882 xxu ||||1| eng d | ||
| 100 | 1 |
_aStevenson, John James. _9108167 |
|
| 245 | 1 | 4 |
_aThe geology of Bedford and Fulton counties / _cby J. J. Stevenson. |
| 260 |
_aHarrisburg : _bPub. by the Board of commissioners for the Second geological survey, _c1882. |
||
| 300 |
_a382 p. : _bil. ; _c23 cm. |
||
| 852 |
_aES-MaACL _jB-7988 |
||
| 999 |
_c133582 _d133582 |
||